000
00316nam a22001457a 4500
003
OSt
020
_a
NA
040
_c
0
082
_2
22
_a
669.9
100
_a
Avner, Sidney H.
245
_a
Introduction to physical metalluragy /
260
_b
McGraw-Hill,
_c
c1974.
300
_a
696p. ;
_b
ill. ;
942
_2
ddc
_c
CIVIL
999
_c
5383
_d
5383